Quimica / (Registro nro. 6596)
[ vista simple ]
| 000 -CABECERA | |
|---|---|
| campo de control de longitud fija | 00695nam a2200217Ia 4500 |
| 003 - IDENTIFICADOR DEL NÚMERO DE CONTROL | |
| campo de control | DO-SdBJH |
| 005 - FECHA Y HORA DE LA ÚLTIMA TRANSACCIÓN | |
| campo de control | 20210922145135.0 |
| 008 - DATOS DE LONGITUD FIJA--INFORMACIÓN GENERAL | |
| campo de control de longitud fija | 180406s9999 dr 000 0 spa d |
| 020 ## - NÚMERO INTERNACIONAL ESTÁNDAR DEL LIBRO | |
| Número Internacional Estándar del Libro | 970-10-0089-7 |
| 040 ## - FUENTE DE LA CATALOGACIÓN | |
| Centro catalogador/agencia de origen | DO-SdBJH |
| Lengua de catalogación | spa |
| Centro/agencia transcriptor | DO-SdBJH |
| 041 ## - CÓDIGO DE LENGUA | |
| Código de lengua del texto/banda sonora o título independiente | spa |
| 082 ## - NÚMERO DE LA CLASIFICACIÓN DECIMAL DEWEY | |
| Número de documento/Ítem | 540 |
| Número de clasificación | C457q 1992 |
| 100 1# - ENTRADA PRINCIPAL--NOMBRE DE PERSONA | |
| Autor Personal | Chang, Raymond |
| 245 10 - MENCIÓN DE TÍTULO | |
| Título | Quimica / |
| Mención de responsabilidad, etc. | Raymond Chang |
| 250 ## - MENCIÓN DE EDICIÓN | |
| Mención de edición | cuarta edición |
| 260 ## - PUBLICACIÓN, DISTRIBUCIÓN, ETC. | |
| Lugar de publicación, distribución, etc. | Mexico : |
| Nombre del editor, distribuidor, etc. | McGraw-Hill, |
| Fecha de publicación, distribución, etc. | 1992 |
| 300 ## - DESCRIPCIÓN FÍSICA | |
| Extensión | 2011 páginas : |
| Otras características físicas | ilustración, |
| 504 ## - NOTA DE BIBLIOGRAFÍA, ETC. | |
| Nota de bibliografía, etc. | Incluye contenido, Apéndice 1, Apéndice 2, Apéndice 3, Apéndice 4, Glosario, Créditos fotográficos, índice y biografía de autor. |
| 650 #4 - PUNTO DE ACCESO ADICIONAL DE MATERIA--TÉRMINO DE MATERIA | |
| Término de materia o nombre geográfico como elemento de entrada | Química -- Enseñanza |
| 942 ## - ELEMENTOS DE PUNTO DE ACCESO ADICIONAL (KOHA) | |
| Fuente del sistema de clasificación o colocación | Dewey Decimal Classification |
| Tipo de ítem Koha | Libros |
| Estado de retiro | Estado de pérdida | Fuente del sistema de clasificación o colocación | Estado dañado | No para préstamo | Código de colección | Localización permanente | Ubicación/localización actual | Ubicación en estantería | Fecha de adquisición | Número de inventario | Total de préstamos | Signatura topográfica completa | Código de barras | Fecha visto por última vez | Número de copia | Precio válido a partir de | Tipo de ítem Koha |
|---|---|---|---|---|---|---|---|---|---|---|---|---|---|---|---|---|---|
| Dewey Decimal Classification | Colección de Referencia | SIBM UNADE - Biblioteca Academia Aérea General de Brigada Piloto Frank A. Feliz Miranda, FARD | SIBM UNADE - Biblioteca Academia Aérea General de Brigada Piloto Frank A. Feliz Miranda, FARD | En estantería | 09/22/2021 | 21-AFARD-2392 | 540 C456q 1992 | 21-2392 | 09/22/2021 | e.1 | 09/22/2021 | Libros |
